MARC

LEADER 00000nam0a2200000 4500
001 216724
005 20231101230048.0
035 |a (RuTPU)RU\TPU\book\236697 
035 |a RU\TPU\book\236592 
090 |a 216724 
100 |a 20120528d1969 k y0rusy50 ca 
101 0 |a rus 
102 |a RU 
105 |a a z 001zy 
200 1 |a Верхний палеозой Сибири и Дальнего Востока  |f Академия наук СССР (АН СССР), Сибирское отделение (СО), Институт геологии и геофизики (ИГиГ) ; отв. ред. А. В. Ивановский 
210 |a Москва  |c Наука  |d 1969 
215 |a 135 с.  |c ил., карты 
225 1 |a Труды института геологии и геофизики  |v Вып. 68 
320 |a Библиогр. в конце статей 
606 1 |a Палеозойские отложения  |y Сибирь  |2 stltpush  |3 (RuTPU)RU\TPU\subj\72084  |9 85671 
610 1 |a Дальний Восток 
610 1 |a стратиграфия 
610 1 |a верхний палеозой 
610 1 |a девон 
610 1 |a угленосность 
610 1 |a фауна 
610 1 |a карбон 
610 1 |a пермский период 
675 |a 551.73(571)  |v 3 
702 1 |a Ивановский  |b А. В.  |4 340 
712 0 2 |a Академия наук СССР (АН СССР)  |b Сибирское отделение (СО)  |b Институт геологии и геофизики (ИГиГ)  |c (Новосибирск)  |2 stltpush  |3 (RuTPU)RU\TPU\col\128 
801 1 |a RU  |b 63413507  |c 20120216 
801 2 |a RU  |b 63413507  |c 20230131  |g RCR 
942 |c BK